| 000 | 00332nam a22001337a 4500 | ||
|---|---|---|---|
| 020 | _a81-87414-04-9 | ||
| 082 |
_a174 _bVIJ/B |
||
| 100 | _aYOGESH VIJAY, VIKAS VIJAY | ||
| 245 |
_aBUSINESS STUDIES _bCLASS XII |
||
| 260 |
_aDELHI _bRACHNA SAGAR PVT LTD |
||
| 300 | _a396 | ||
| 650 |
_aBUSINESS STUDIES FOR CLASS XII _zINDIA |
||
| 942 | _cBK | ||
| 999 |
_c612 _d612 |
||